Oracle curriculum internet developer suite (iDS) forms & reports section

Spremljeno u:
Bibliografski detalji
Format: Knjiga
Jezik:Undetermined
Izdano: [Australia] Course Technology Inc 2004
Teme:
Oznake: Dodaj oznaku
Bez oznaka, Budi prvi tko označuje ovaj zapis!
Thư viện lưu trữ: Trung tâm Học liệu Trường Đại học Cần Thơ
LEADER 00583nam a2200193Ia 4500
001 CTU_100877
008 210402s9999 xx 000 0 und d
020 |c 960000 
082 |a 005.758 
082 |b O.63 
245 0 |a Oracle curriculum internet developer suite (iDS) forms & reports section 
260 |a [Australia] 
260 |b Course Technology Inc 
260 |c 2004 
650 |a Computer software,Oracle ( computer file ) 
650 |x Development 
904 |i Truc 
910 |a Sách kèm đĩa AV.002079 
980 |a Trung tâm Học liệu Trường Đại học Cần Thơ